2025 ATP Title Winners - Statistics

General Stats
  • This quiz has been taken 153 times
  • The average score is 34 of 60
Answer Stats
Tournament City Category Winner % Correct
ABN AMRO Open Rotterdam ATP 500 Carlos Alcaraz
99%
Rolex Monte-Carlo Masters Monte-Carlo ATP Masters 1000 Carlos Alcaraz
99%
Internazionali BNL d'Italia Rome ATP Masters 1000 Carlos Alcaraz
99%
Roland-Garros Paris Grand Slam Carlos Alcaraz
99%
Queen's Club Championships London ATP 500 Carlos Alcaraz
99%
Cincinnati Open Cincinnati ATP Masters 1000 Carlos Alcaraz
99%
US Open New York Grand Slam Carlos Alcaraz
99%
Kinoshita Group Japan Open Tennis Championships Tokyo ATP 500 Carlos Alcaraz
99%
Australian Open Melbourne Grand Slam Jannik Sinner
99%
Wimbledon London Grand Slam Jannik Sinner
99%
China Open Beijing ATP 500 Jannik Sinner
99%
Erste Bank Open Vienna ATP 500 Jannik Sinner
99%
Rolex Paris Masters Paris ATP Masters 1000 Jannik Sinner
99%
Nitto ATP Finals Turin ATP Finals Jannik Sinner
99%
BMW Open Munich ATP 500 Alexander Zverev
91%
Gonet Geneva Open Geneva ATP 250 Novak Djokovic
89%
Hellenic Championship Athens ATP 250 Novak Djokovic
89%
Almaty Open Almaty ATP 250 Daniil Medvedev
80%
Mutua Madrid Open Madrid ATP Masters 1000 Casper Ruud
68%
BNP Paribas Nordic Open Stockholm ATP 250 Casper Ruud
68%
Boss Open Stuttgart ATP 250 Taylor Fritz
62%
Lexus Eastbourne Open Eastbourne ATP 250 Taylor Fritz
62%
Adelaide International Adelaide ATP 250 Félix Auger-Aliassime
59%
Open Occitanie Montpellier ATP 250 Félix Auger-Aliassime
59%
BNP Paribas Fortis European Open Brussels ATP 250 Félix Auger-Aliassime
59%
IEB+ Argentina Open Buenos Aires ATP 250 João Fonseca
57%
Swiss Indoors Basel Basel ATP 500 João Fonseca
57%
National Bank Open presented by Rogers Toronto ATP Masters 1000 Ben Shelton
56%
Miami Open presented by Itaú Miami ATP Masters 1000 Jakub Menšík
56%
Mubadala Citi DC Open Washington, D.C. ATP 500 Alex de Miñaur
53%
Qatar ExxonMobil Open Doha ATP 500 Andrey Rublev
52%
Tiriac Open Bucharest ATP 250 Flavio Cobolli
51%
Hamburg Open Hamburg ATP 500 Flavio Cobolli
51%
Barcelona Open Banc Sabadell Barcelona ATP 500 Holger Rune
50%
Dubai Duty Free Tennis Championships Dubai ATP 500 Stefanos Tsitsipas
50%
Terra Wortmann Open Halle ATP 500 Alexander Bublik
48%
EFG Swiss Open Gstaad Gstaad ATP 250 Alexander Bublik
48%
Generali Open Kitzbühel ATP 250 Alexander Bublik
48%
Hangzhou Open Hangzhou ATP 250 Alexander Bublik
48%
BNP Paribas Open Indian Wells ATP Masters 1000 Jack Draper
45%
Rolex Shanghai Masters Shanghai ATP Masters 1000 Valentin Vacherot
41%
ASB Classic Auckland ATP 250 Gaël Monfils
36%
Moselle Open Metz ATP 250 Learner Tien
32%
Grand Prix Hassan II Marrakech ATP 250 Luciano Darderi
30%
Nordea Open Båstad ATP 250 Luciano Darderi
30%
Plava Laguna Croatia Open Umag Umag ATP 250 Luciano Darderi
30%
Dallas Open Dallas ATP 500 Denis Shapovalov
29%
Mifel Tennis Open by Telcel Oppo Los Cabos ATP 250 Denis Shapovalov
29%
Chengdu Open Chengdu ATP 250 Alejandro Tabilo
28%
Brisbane International presented by Evie Brisbane ATP 250 Jiří Lehečka
28%
Abierto Mexicano Telcel presentado por HSBC Acapulco ATP 500 Tomáš Macháč
27%
Mallorca Championships Mallorca ATP 250 Tallon Griekspoor
26%
Open 13 Provence Marseille ATP 250 Ugo Humbert
25%
Rio Open presented by Claro Rio de Janeiro ATP 500 Sebastián Báez
21%
Libema Open 's-Hertogenbosch ATP 250 Gabriel Diallo
18%
Delray Beach Open Delray Beach ATP 250 Miomir Kecmanović
17%
Bank of China Hong Kong Tennis Open Hong Kong ATP 250 Alexandre Müller
16%
Fayez Sarofim & Co. U.S. Men's Clay Court Championship Houston ATP 250 Jenson Brooksby
16%
Winston-Salem Open Winston-Salem ATP 250 Márton Fucsovics
14%
Movistar Chile Open Santiago ATP 250 Laslo Djere
11%
No matching quizzes found
Score Distribution
Percent of People with Each Score
Percentile by Number Answered
Your Score History
You have not taken this quiz